| 000 | 00782nam a2200241Ia 4500 | ||
|---|---|---|---|
| 003 | OSt | ||
| 005 | 20220923215004.0 | ||
| 006 | a|||||r|||| 00| 0 | ||
| 007 | ta | ||
| 008 | 220922b |||||||| |||| 00| 0 hin d | ||
| 024 | _a174,645 | ||
| 037 | _cTextual | ||
| 040 |
_aARTS _cARTS _bhin |
||
| 041 |
_2hin _ahin |
||
| 082 | _aO152:90S55, H8 | ||
| 100 |
_aमीतल, प्रभुदयाल _9156270 |
||
| 245 | 0 | _aब्रजभाषा साहित्य का नायिका भेद | |
| 246 | _aBrajabhāṣhā sāhitya kā nāyikā bheda | ||
| 260 | _c1948 | ||
| 490 | _aब्रज साहित्य माला; 2 | ||
| 942 |
_hO152:90S55, H8 _cTEXL _2CC |
||
| 999 |
_c328349 _d328349 |
||